000 00516nmm a2200169Ia 4500
008 251105s9999||||xx |||||||||||||||||und||
020 _a9788495839855
041 _aspa
100 _aTolentino, Javier
245 0 _aJulieta en el país de las maravillas :
_b una conversación con Norma Aleandro
264 _a[Madrid, España] :
_bOcho y Medio,
_c2004
300 _a125 páginas
490 _aCautivos del mal
650 _aFilm studies
856 _uhttps://public.digitaliapublishing.com/a/362
942 _cCF
999 _c89680
_d89680